000 00920cam a2200241 4500
001 WS110893
008 000000n 000 0 eng u
035 _a(Sirsi) u110893
245 _aProperty Bull
520 _aSite which describes itself as 'an online resource for professionals in the commercial property community'. It provides free access to industry specific news and information, specialist resources and support services. They also run a service which e-mail news.
650 _aMARKET
650 _aRESEARCH
650 _aPROFESSIONAL PRACTICE
650 _aDISCUSSION FORUM
650 _aCOMPANY INFORMATION
650 0 _aCURRENCY CONVERSIONS
650 _aCALCULATOR
650 0 _aPRESENT VALUES
650 _aMORTGAGE REPAYMENTS
690 _aPROPERTY-COMMERCIAL PROPERTY
856 4 0 _uhttps://www.propertybull.com
_zView the website free of charge at www.propertybull.com...
942 _n0
999 _c119775
_d119775